Statistics for Popular Christmas Foods

Click here to take the quiz!

General Stats

  • This quiz has been taken 128 times
  • The average score is 6 of 8

Answer Stats

Hint Answer % Correct
Striped red stick, invented to keep kids happy in churchCandy cane
94%
Bread crummy stuff that would be weird actually inside a turkeyStuffing
94%
Good with alcohol or just nutmegEggnog
81%
Leave 'em out for Santa to eat!Christmas cookies
81%
You can't catch me!Ginger bread
71%
Easter or Christmas, people just like pig!Ham
69%
A kind of alcohol used to send ships of by banging the bottle against the hullChampagne
48%
Stuff that people rarely eat, but is still a Christmas traditionFruitcake
32%

Score Distribution

Percentile by Number Answered

Percent of People with Each Score

Your Score History

You have not taken this quiz